[Event "NAYCC U16"]
[Site "Kingston CAN"]
[Date "2025.08.22"]
[Round "7.10"]
[White "Xu, Leon"]
[Black "Velasquez, Noah"]
[Result "1-0"]
[WhiteElo "2045"]
[BlackElo "1774"]
[WhiteFideId "-1"]
[WhiteFideId "-1"]
[PlyCount "157"]
[GameId "2218455454785402"]
[EventDate "2025.08.18"]
[EventType "swiss"]
[EventRounds "9"]
[EventCountry "CAN"]

1. e4 e5 2. Nf3 Nc6 3. d4 exd4 4. Bc4 Nf6 5. e5 d5 6. Bb5 Ne4 7. Nxd4 Bc5 8. O-O Bd7 9. Bxc6 bxc6 10. f3 Ng5 11. f4 Ne4 12. Be3 Rb8 13. Nd2 Nxd2 14. Qxd2 Bxd4 15. Bxd4 Bf5 16. Qc3 Qd7 17. Bxa7 Ra8 18. Bc5 Ra4 19. b3 Re4 20. Rad1 h5 21. a4 Qc8 22. Qg3 Rg8 23. Qg5 Qe6 24. c4 Kd7 25. Qg3 g5 26. h4 Bg4 27. Rde1 gxh4 28. Qxh4 Rxe1 29. Qxe1 dxc4 30. bxc4 Qxc4 31. Qb4 Qxb4 32. Bxb4 Ra8 33. a5 c5 34. Bc3 Ke6 35. Kf2 Kd5 36. Ke3 Kc4 37. Rc1 Kd5 38. Ra1 Bf5 39. Be1 c4 40. Bc3 c5 41. Rd1+ Bd3 42. Rd2 Kc6 43. Rb2 Rg8 44. Rb6+ Kd7 45. Kf3 Bf5 46. g3 Be6 47. Rd6+ Kc7 48. a6 Kb8 49. Bd2 Rc8 50. Ke4 c3 51. Bxc3 Ka7 52. Ba5 Rg8 53. Bb6+ Kxa6 54. Bxc5+ Kb5 55. Bf2 Rg4 56. Rd1 Kc4 57. Rc1+ Kb3 58. Rh1 Kc3 59. Rxh5 Kd2 60. Kf3 Rg8 61. f5 Bc4 62. Be3+ Kd3 63. Rh6 Bb3 64. Rd6+ Kc3 65. g4 Bc4 66. Kf4 Re8 67. Bf2 Kb4 68. g5 Rg8 69. Rb6+ Ka5 70. g6 fxg6 71. Rxg6 Rxg6 72. fxg6 Kb5 73. Kf5 Kc6 74. e6 Kd6 75. Bc5+ Kxc5 76. g7 Bd3+ 77. Kf6 Bh7 78. e7 Kd6 79. e8=Q 1-0

[Event "NAYCC U16"]
[Site "Kingston CAN"]
[Date "2025.08.22"]
[Round "7.11"]
[White "Zhang, Brian"]
[Black "Manivannan, Prajit"]
[Result "1/2-1/2"]
[WhiteElo "1985"]
[BlackElo "1809"]
[WhiteFideId "-1"]
[WhiteFideId "-1"]
[PlyCount "84"]
[GameId "2218455454793595"]
[EventDate "2025.08.18"]
[EventType "swiss"]
[EventRounds "9"]
[EventCountry "CAN"]

1. e4 c5 2. Nf3 e6 3. d4 cxd4 4. Nxd4 a6 5. Bd3 Nf6 6. O-O Qc7 7. Qe2 Nc6 8. Nxc6 dxc6 9. a4 Bd6 10. h3 b6 11. Nd2 e5 12. Nc4 Bc5 13. c3 a5 14. Bd2 O-O 15. b4 axb4 16. cxb4 Bd4 17. Ra3 Be6 18. Rb1 Bxc4 19. Bxc4 b5 20. Bb3 bxa4 21. Rxa4 Rxa4 22. Bxa4 Ra8 23. Bb3 Qb6 24. g3 Rd8 25. Be1 Ne8 26. Rc1 Nd6 27. Ba4 Rc8 28. Kg2 c5 29. bxc5 Rxc5 30. Rxc5 Qxc5 31. Bb3 g6 32. Qc2 Qb6 33. Bd5 Kg7 34. h4 h5 35. Qa2 Qc5 36. Qb3 Qc7 37. Bb4 Ne8 38. Qc4 Qa7 39. Bc3 Nd6 40. Bxd4 exd4 41. Qc6 Qe7 42. Qc5 Qf6 1/2-1/2

[Event "NAYCC U16"]
[Site "Kingston CAN"]
[Date "2025.08.22"]
[Round "7.12"]
[White "Pollitt, Henry"]
[Black "Wu, Nolan"]
[Result "1/2-1/2"]
[WhiteElo "1813"]
[BlackElo "1926"]
[WhiteFideId "-1"]
[WhiteFideId "-1"]
[PlyCount "101"]
[GameId "2218455454801788"]
[EventDate "2025.08.18"]
[EventType "swiss"]
[EventRounds "9"]
[EventCountry "CAN"]

1. e4 c5 2. c3 d5 3. exd5 Nf6 4. d4 Nxd5 5. Nf3 cxd4 6. cxd4 g6 7. Nc3 Bg7 8. Bc4 Nxc3 9. bxc3 Qc7 10. Qe2 O-O 11. O-O Bg4 12. Bd3 Nc6 13. Rb1 Rac8 14. h3 Bxf3 15. Qxf3 Na5 16. Bd2 Rcd8 17. Rfe1 a6 18. a4 Rd7 19. Be4 e5 20. Rec1 h6 21. Be3 Nc6 22. Bxc6 bxc6 23. dxe5 c5 24. Qg4 h5 25. Qc4 Qxe5 26. Qxc5 Qxc5 27. Bxc5 Rc8 28. Be3 Rxc3 29. Rxc3 Bxc3 30. Rc1 Bb4 31. Kf1 Rd3 32. Bc5 Rb3 33. Bd4 Kf8 34. Bf6 Ke8 35. Rd1 Be7 36. Re1 Rb7 37. Re5 Kd8 38. Rd5+ Rd7 39. Rxd7+ Kxd7 40. Bc3 Ke6 41. Ke2 Kd5 42. Kd3 Bc5 43. f3 f5 44. Bd2 Bf2 45. g4 Kc5 46. Bc3 h4 47. Bd2 Kd5 48. gxf5 gxf5 49. Bc3 Bg3 50. Bd2 Kc5 51. Bc3 1/2-1/2

[Event "NAYCC U16"]
[Site "Kingston CAN"]
[Date "2025.08.22"]
[Round "7.13"]
[White "Wang, Andy"]
[Black "Mummidi, Aaryan"]
[Result "1/2-1/2"]
[WhiteElo "1792"]
[BlackElo "1884"]
[WhiteFideId "-1"]
[WhiteFideId "-1"]
[PlyCount "127"]
[GameId "2218455454805885"]
[EventDate "2025.08.18"]
[EventType "swiss"]
[EventRounds "9"]
[EventCountry "CAN"]

1. e4 c5 2. Nf3 d6 3. d4 cxd4 4. Nxd4 Nf6 5. Nc3 a6 6. Be3 e5 7. Nf3 Be7 8. Bc4 Be6 9. Bb3 O-O 10. O-O b5 11. a4 b4 12. Nd5 Bxd5 13. Bxd5 Nxd5 14. Qxd5 Nd7 15. a5 Nf6 16. Qd3 Qc7 17. Bg5 Rfc8 18. Bxf6 Bxf6 19. Rfc1 Qc4 20. Kf1 h6 21. Nd2 Qc6 22. c4 Bg5 23. Ke2 Qd7 24. h3 Qe6 25. b3 Qg6 26. Qf3 Rc5 27. Ra2 Re8 28. Rd1 Re6 29. Qf5 Bxd2 30. Raxd2 Qxg2 31. Rxd6 g6 32. Qg4 Qxg4+ 33. hxg4 Rxd6 34. Rxd6 Rxa5 35. Rb6 Ra2+ 36. Kd3 a5 37. c5 Rxf2 38. Kc4 Rc2+ 39. Kb5 h5 40. gxh5 g5 41. Rf6 Kg7 42. Rf3 Rc3 43. h6+ Kxh6 44. Rxf7 g4 45. Rf6+ Kg5 46. Rf5+ Kh4 47. Rxe5 g3 48. Re8 g2 49. Rh8+ Kg3 50. Rg8+ Kf2 51. c6 a4 52. Kxb4 Rxc6 53. Rf8+ Ke3 54. Rg8 Kf2 55. Rf8+ Kg1 56. bxa4 Rg6 57. Rc8 Kf2 58. Rc1 Rg4 59. a5 Rxe4+ 60. Kb5 Re1 61. Rc2+ Re2 62. Rc1 Rb2+ 63. Kc6 Ke3 64. Rg1 1/2-1/2

[Event "NAYCC U16"]
[Site "Kingston CAN"]
[Date "2025.08.22"]
[Round "7.14"]
[White "Kunapuli, Siddarth"]
[Black "Huang, Eric"]
[Result "0-1"]
[WhiteElo "1889"]
[BlackElo "1773"]
[WhiteFideId "-1"]
[WhiteFideId "-1"]
[PlyCount "48"]
[GameId "2218455454814078"]
[EventDate "2025.08.18"]
[EventType "swiss"]
[EventRounds "9"]
[EventCountry "CAN"]

1. e4 e6 2. d4 d5 3. Nd2 Nf6 4. e5 Nfd7 5. Ngf3 c5 6. c3 Nc6 7. Bd3 g6 8. O-O Bg7 9. Re1 O-O 10. Nf1 cxd4 11. cxd4 f6 12. exf6 Qxf6 13. Bg5 Qf7 14. Be3 e5 15. dxe5 Ndxe5 16. Nxe5 Nxe5 17. Qd2 Nxd3 18. Qxd3 d4 19. Bg5 Qxf2+ 20. Kh1 Kh8 21. Ng3 Bd7 22. Re2 Qf7 23. Be7 Rfe8 24. Rf1 Qd5 0-1

[Event "NAYCC U16"]
[Site "Kingston CAN"]
[Date "2025.08.22"]
[Round "7.15"]
[White "Chen, Larry"]
[Black "McCallum, Elliot"]
[Result "1-0"]
[WhiteElo "1742"]
[BlackElo "1882"]
[WhiteFideId "-1"]
[WhiteFideId "-1"]
[PlyCount "51"]
[GameId "2218455454814079"]
[EventDate "2025.08.18"]
[EventType "swiss"]
[EventRounds "9"]
[EventCountry "CAN"]

1. d4 d5 2. c4 c6 3. Nf3 Nf6 4. e3 e6 5. Nbd2 Nbd7 6. Bd3 Bd6 7. e4 e5 8. cxd5 cxd5 9. O-O O-O 10. Re1 Re8 11. exd5 exd4 12. Rxe8+ Qxe8 13. Qc2 Nxd5 14. Bxh7+ Kh8 15. Nc4 Bc5 16. Bd2 g6 17. Re1 Be7 18. Nd6 Qf8 19. Bh6 Qxh6 20. Nxf7+ Kxh7 21. Nxh6 Kxh6 22. Qd2+ Kh7 23. Qxd4 N7f6 24. Rxe7+ Nxe7 25. Qxf6 Nf5 26. Ne5 1-0

[Event "NAYCC U16"]
[Site "Kingston CAN"]
[Date "2025.08.22"]
[Round "7.16"]
[White "Hong, Zihan"]
[Black "Song, Jiacai"]
[Result "1-0"]
[WhiteElo "1881"]
[BlackElo "1702"]
[WhiteFideId "-1"]
[WhiteFideId "-1"]
[PlyCount "131"]
[GameId "2218455454818176"]
[EventDate "2025.08.18"]
[EventType "swiss"]
[EventRounds "9"]
[EventCountry "CAN"]

1. d4 Nf6 2. Bf4 e6 3. e3 d5 4. Nd2 Bd6 5. Bg3 c5 6. c3 O-O 7. Bd3 Qc7 8. Ngf3 Nbd7 9. c4 b6 10. Rc1 Bb7 11. b4 Rac8 12. cxd5 exd5 13. bxc5 bxc5 14. dxc5 Nxc5 15. O-O Bxg3 16. hxg3 Qe7 17. Nb3 Nxd3 18. Qxd3 Qa3 19. Nc5 Qxd3 20. Nxd3 Ba6 21. Rxc8 Rxc8 22. Rc1 Rxc1+ 23. Nxc1 Bc4 24. Ne5 Bb5 25. f3 Nd7 26. Nxd7 Bxd7 27. Nd3 Bb5 28. Nb4 Bc4 29. Kf2 f5 30. Nc6 a6 31. a3 g6 32. Ne5 Bb5 33. g4 fxg4 34. Nxg4 Kg7 35. e4 dxe4 36. fxe4 h5 37. Nh2 Kf6 38. Nf3 g5 39. g3 Bd3 40. Ke3 Bf1 41. Kd4 g4 42. Nh4 Bb5 43. Kd5 Ke7 44. e5 Bd3 45. Ng2 Be2 46. Nf4 Bf3+ 47. Kd4 h4 48. Ng6+ Ke6 49. Nxh4 Bd1 50. Ng6 a5 51. Nf4+ Ke7 52. Ke3 Bf3 53. Nd3 Ke6 54. Kf4 Kd5 55. Nf2 Ke6 56. Nxg4 Bxg4 57. Kxg4 Kxe5 58. Kh5 Kd4 59. g4 Kc4 60. g5 Kb3 61. g6 Kxa3 62. g7 a4 63. g8=Q Kb2 64. Qb8+ Ka2 65. Qb4 a3 66. Kg4 1-0

[Event "NAYCC U16"]
[Site "Kingston CAN"]
[Date "2025.08.22"]
[Round "7.18"]
[White "Sethi, Aaron"]
[Black "Stelmach, Noah"]
[Result "0-1"]
[WhiteElo "1811"]
[BlackElo "1729"]
[WhiteFideId "-1"]
[WhiteFideId "-1"]
[PlyCount "72"]
[GameId "2218455454830466"]
[EventDate "2025.08.18"]
[EventType "swiss"]
[EventRounds "9"]
[EventCountry "CAN"]

1. e4 c6 2. Nf3 d5 3. Nc3 dxe4 4. Nxe4 Nf6 5. Qe2 Nxe4 6. Qxe4 Be6 7. Be2 Nd7 8. d4 g6 9. c4 Bg7 10. Qc2 O-O 11. O-O Bf5 12. Qb3 Qc7 13. Be3 Rad8 14. Nh4 Nf6 15. Nxf5 gxf5 16. f3 e6 17. Rad1 f4 18. Bf2 Rd7 19. Bd3 Nh5 20. Bb1 Qd8 21. Qc2 f5 22. g4 fxg3 23. hxg3 Bxd4 24. Qc1 Qf6 25. Bxd4 Rxd4 26. Kf2 Rfd8 27. Bc2 Kf7 28. Rh1 Rxd1 29. Rxd1 f4 30. Rxd8 fxg3+ 31. Kg1 Qxd8 32. Qh6 Qd4+ 33. Kg2 Qf2+ 34. Kh3 Qh2+ 35. Kg4 Nf6+ 36. Kg5 Qxh6+ 0-1

[Event "NAYCC U16"]
[Site "Kingston CAN"]
[Date "2025.08.22"]
[Round "7.20"]
[White "Tan, Rex"]
[Black "Russell, Wesley"]
[Result "1-0"]
[WhiteElo "1702"]
[BlackElo "1784"]
[WhiteFideId "-1"]
[WhiteFideId "-1"]
[PlyCount "165"]
[GameId "2218455454842757"]
[EventDate "2025.08.18"]
[EventType "swiss"]
[EventRounds "9"]
[EventCountry "CAN"]

1. d4 d5 2. c4 e6 3. Nc3 Be7 4. Nf3 Nf6 5. Bf4 O-O 6. e3 b6 7. cxd5 Nxd5 8. Nxd5 Qxd5 9. Be2 c5 10. O-O Ba6 11. Bxa6 Nxa6 12. Qe2 Qb7 13. Rfd1 Rfd8 14. Rac1 cxd4 15. Rxd4 Bf6 16. Rxd8+ Rxd8 17. b3 Nc5 18. Rd1 Qc8 19. h3 Rxd1+ 20. Qxd1 Qd7 21. Qxd7 Nxd7 22. Bd6 Bb2 23. Kf1 f6 24. Ke2 Kf7 25. Kd3 h6 26. Kc4 a6 27. a4 f5 28. Kd3 Bf6 29. Nd2 b5 30. axb5 axb5 31. Nb1 e5 32. Na3 e4+ 33. Kc2 Ke6 34. Nxb5 Kd5 35. Bb4 g6 36. Bc3 Be7 37. Bd4 Nc5 38. Nc3+ Kc6 39. Bxc5 Kxc5 40. Ne2 Bf6 41. Nf4 g5 42. Nh5 Be5 43. Ng3 f4 44. exf4 Bxf4 45. Nxe4+ Kd4 46. Nd2 Bd6 47. Nf3+ Ke4 48. Kc3 Kd5 49. Kd3 Bc5 50. Nd2 Bxf2 51. Ne4 Be1 52. Nf6+ Ke5 53. Ng4+ Kf4 54. Ke2 Bb4 55. Nxh6 Kg3 56. Kf1 Bc5 57. Ng4 Bd6 58. Ne3 Bc5 59. Nd5 g4 60. hxg4 Kxg4 61. b4 Bd6 62. b5 Kf5 63. b6 Ke6 64. Ne3 Kd7 65. Nc4 Bb8 66. g4 Ke6 67. Kf2 Kd5 68. g5 Ke6 69. Ne3 Kd7 70. Kf3 Kc6 71. Nc4 Kd5 72. b7 Ke6 73. Kg4 Kf7 74. Kf5 Kg7 75. Ne5 Kh8 76. Nd7 Bc7 77. b8=Q+ Bxb8 78. Nxb8 Kg7 79. Nd7 Kh8 80. Kg6 Kg8 81. Kf6 Kh8 82. Kf7 Kh7 83. g6+ 1-0

[Event "NAYCC U16"]
[Site "Kingston CAN"]
[Date "2025.08.22"]
[Round "7.21"]
[White "Dukkardt, Vladimir"]
[Black "Satish Alwar, Dharsan"]
[Result "1-0"]
[WhiteElo "1774"]
[BlackElo "1703"]
[WhiteFideId "-1"]
[WhiteFideId "-1"]
[PlyCount "41"]
[GameId "2218455454842758"]
[EventDate "2025.08.18"]
[EventType "swiss"]
[EventRounds "9"]
[EventCountry "CAN"]

1. e4 e6 2. d4 d5 3. Nc3 dxe4 4. Nxe4 Nd7 5. Nf3 Ngf6 6. Bg5 Be7 7. Bxf6 Nxf6 8. Bd3 O-O 9. Qe2 c6 10. O-O-O Qa5 11. Nxf6+ Bxf6 12. Kb1 c5 13. h4 cxd4 14. g4 g6 15. g5 Bh8 16. h5 e5 17. hxg6 fxg6 18. Bc4+ Kg7 19. Rxd4 Bf5 20. Rd5 Qc7 21. Rxe5 1-0

[Event "NAYCC U16"]
[Site "Kingston CAN"]
[Date "2025.08.22"]
[Round "7.22"]
[White "Cholakis, Max"]
[Black "Guliyev, Nadir"]
[Result "0-1"]
[WhiteElo "1756"]
[BlackElo "1693"]
[WhiteFideId "-1"]
[WhiteFideId "-1"]
[PlyCount "168"]
[GameId "2218455454850951"]
[EventDate "2025.08.18"]
[EventType "swiss"]
[EventRounds "9"]
[EventCountry "CAN"]

1. e4 c5 2. c3 e6 3. d4 d5 4. exd5 exd5 5. Nf3 cxd4 6. Nxd4 Nf6 7. Bg5 Be7 8. Nd2 O-O 9. Bd3 Nc6 10. N2b3 Qc7 11. h3 Re8 12. O-O Ng4 13. hxg4 Bxg5 14. Qf3 Be6 15. Nxc6 bxc6 16. Nd4 Rad8 17. Rae1 g6 18. g3 c5 19. Nxe6 Rxe6 20. Re2 Qd6 21. Rfe1 Rde8 22. Rd1 Qe7 23. Kf1 c4 24. Rxe6 fxe6 25. Bc2 Qc5 26. Qe2 Bf6 27. Qd2 Rd8 28. Qe2 e5 29. g5 Bg7 30. b3 cxb3 31. Bxb3 Kh8 32. Kg2 d4 33. Qf3 Rf8 34. cxd4 exd4 35. Qd5 Qxd5+ 36. Bxd5 Rf5 37. Be4 Rxg5 38. Bb1 Rc5 39. Kf1 Bf6 40. Kg2 Kg7 41. Kf3 Kf7 42. Ke2 Ke6 43. Rh1 Rc7 44. Kd3 Kd5 45. f3 Rc3+ 46. Ke2 Re3+ 47. Kf2 Re7 48. Rc1 Kd6 49. Be4 Rc7 50. Rxc7 Kxc7 51. Ke2 Kd6 52. Kd2 Kc5 53. Kc2 Kb4 54. Bd3 Be5 55. g4 Bf4 56. Be4 h5 57. gxh5 gxh5 58. Bf5 h4 59. Kb2 a5 60. Kc2 Ka3 61. Kb1 Be3 62. Ka1 Kb4 63. Kb2 Kc4 64. Kc2 Kd5 65. Kd3 Ke5 66. Bh3 Kf4 67. Bg4 Kg3 68. Bc8 h3 69. f4 Bxf4 70. Kxd4 Kg2 71. Bb7+ Kg1 72. Ke4 Bc7 73. Ke3 h2 74. Bh1 Kxh1 75. Kf2 Bb6+ 76. Kf1 Bc5 77. a4 Bb6 78. Ke2 Kg2 79. Kd2 h1=Q 80. Ke2 Qa1 81. Kd3 Qxa4 82. Ke2 Qb3 83. Kd2 Kf2 84. Kc1 Be3# 0-1

[Event "NAYCC U16"]
[Site "Kingston CAN"]
[Date "2025.08.22"]
[Round "7.25"]
[White "Valluru, Neel Madhav"]
[Black "Grosman, Ari"]
[Result "0-1"]
[WhiteElo "1504"]
[BlackElo "1747"]
[WhiteFideId "-1"]
[WhiteFideId "-1"]
[PlyCount "49"]
[GameId "2218455454859146"]
[EventDate "2025.08.18"]
[EventType "swiss"]
[EventRounds "9"]
[EventCountry "CAN"]

1. e4 e6 2. b3 d5 3. Bb2 dxe4 4. Nc3 Nf6 5. Qe2 Bb4 6. Nxe4 Nxe4 7. c3 Nxf2 8. Qxf2 Be7 9. c4 O-O 10. Be2 c5 11. Nf3 Bf6 12. Bxf6 Qxf6 13. O-O b6 14. Qg3 Nc6 15. Ng5 Qe5 16. Qxe5 Nxe5 17. Rae1 Bb7 18. Bh5 Ng6 19. Bf3 Bxf3 20. Rxf3 h6 21. Ne4 Rad8 22. Re2 Nh4 23. Rg3 Nf5 24. Rg4 Nd4 25. Rf2 0-1

[Event "NAYCC U16"]
[Site "Kingston CAN"]
[Date "2025.08.22"]
[Round "8.1"]
[White "Willy, Stephen"]
[Black "Colville, Julian"]
[Result "1/2-1/2"]
[WhiteElo "2242"]
[BlackElo "2287"]
[WhiteFideId "-1"]
[WhiteFideId "-1"]
[PlyCount "32"]
[GameId "2219480633864588"]
[EventDate "2025.08.18"]
[EventType "swiss"]
[EventRounds "9"]
[EventCountry "CAN"]

1. Nf3 d5 2. e3 c5 3. b3 f6 4. d4 cxd4 5. exd4 Nc6 6. Bb2 Bg4 7. c4 e6 8. Nbd2 Bd6 9. h3 Bh5 10. Bd3 Nge7 11. a3 O-O 12. O-O e5 13. dxe5 Nxe5 14. Be2 Nxf3+ 15. Bxf3 Bxf3 16. Qxf3 Bc7 1/2-1/2

[Event "NAYCC U16"]
[Site "Kingston CAN"]
[Date "2025.08.22"]
[Round "8.2"]
[White "Wu, Jonathan"]
[Black "Liu, Ethan"]
[Result "1/2-1/2"]
[WhiteElo "2130"]
[BlackElo "2136"]
[WhiteFideId "-1"]
[WhiteFideId "-1"]
[PlyCount "119"]
[GameId "2219480634028439"]
[EventDate "2025.08.18"]
[EventType "swiss"]
[EventRounds "9"]
[EventCountry "CAN"]

1. e4 c5 2. Nf3 e6 3. d4 cxd4 4. Nxd4 Nc6 5. Nc3 a6 6. Be2 Qc7 7. Nxc6 bxc6 8. Qd3 Nf6 9. Qg3 Qxg3 10. hxg3 d5 11. g4 Bb7 12. g5 Nxe4 13. Nxe4 dxe4 14. Be3 Rd8 15. Bc4 c5 16. Ke2 Be7 17. b3 Bc8 18. Rh2 f5 19. gxf6 gxf6 20. Rah1 f5 21. Rxh7 Rxh7 22. Rxh7 e5 23. Bf7+ Kd7 24. Bg6 Kd6 25. Rxe7 Kxe7 26. Bg5+ Kd7 27. Bxf5+ Kd6 28. Bxd8 Bxf5 29. Ke3 Ke6 30. Bc7 Bg4 31. c3 Bf5 32. a3 Kd5 33. c4+ Ke6 34. g3 Bg6 35. g4 Bh7 36. Bd8 Kd6 37. Bg5 Bg6 38. Bh6 Ke7 39. Bg7 Kd6 40. Bf8+ Kc6 41. Be7 Bh7 42. Bg5 Kd6 43. Kd2 Bg8 44. Bh6 Be6 45. Bf8+ Kc6 46. g5 Bf5 47. Kc3 Bg6 48. b4 cxb4+ 49. axb4 Be8 50. Be7 Kd7 51. Bf6 Ke6 52. Kd2 Kf5 53. Ke3 Bc6 54. Bd8 Be8 55. Bc7 Bf7 56. g6 Bxc4 57. g7 Kf6 58. Bd6 Kxg7 59. Kxe4 Kf7 60. Kxe5 1/2-1/2

[Event "NAYCC U16"]
[Site "Kingston CAN"]
[Date "2025.08.22"]
[Round "8.3"]
[White "Lu, Tony"]
[Black "Wang, Nathan"]
[Result "1/2-1/2"]
[WhiteElo "1974"]
[BlackElo "1994"]
[WhiteFideId "-1"]
[WhiteFideId "-1"]
[PlyCount "42"]
[GameId "2219480634089890"]
[EventDate "2025.08.18"]
[EventType "swiss"]
[EventRounds "9"]
[EventCountry "CAN"]

1. e4 c5 2. Nf3 Nc6 3. d4 cxd4 4. Nxd4 Nf6 5. Nc3 e5 6. Ndb5 d6 7. Bg5 a6 8. Na3 b5 9. Nd5 Be7 10. Bxf6 Bxf6 11. c3 Ne7 12. Nxf6+ gxf6 13. Bd3 d5 14. Nc2 Bb7 15. f3 f5 16. Qe2 fxe4 17. fxe4 dxe4 18. Bxe4 Bxe4 19. Qxe4 Qd5 20. Qxd5 Nxd5 21. a4 O-O 1/2-1/2

[Event "NAYCC U16"]
[Site "Kingston CAN"]
[Date "2025.08.22"]
[Round "8.4"]
[White "Tang, Dylan"]
[Black "Xu, Leon"]
[Result "1-0"]
[WhiteElo "2246"]
[BlackElo "2045"]
[WhiteFideId "-1"]
[WhiteFideId "-1"]
[PlyCount "177"]
[GameId "2219480634089893"]
[EventDate "2025.08.18"]
[EventType "swiss"]
[EventRounds "9"]
[EventCountry "CAN"]

1. e4 e6 2. d4 d5 3. Nd2 Be7 4. Bd3 c5 5. dxc5 Nf6 6. Qe2 Bxc5 7. Ngf3 Nc6 8. c3 a5 9. O-O dxe4 10. Nxe4 Nxe4 11. Qxe4 Bd7 12. Bf4 Qb6 13. Rab1 Ne7 14. Ne5 Bc6 15. Nxc6 Qxc6 16. Qe2 O-O 17. Be4 Qb6 18. Qc2 Ng6 19. Bg5 Rac8 20. Rbd1 Qc7 21. Rfe1 b6 22. Re2 Be7 23. Bxe7 Qxe7 24. Red2 Rfd8 25. g3 Nf8 26. Rd3 g6 27. Qd2 Rxd3 28. Qxd3 Qc5 29. Bf3 Rc7 30. Qd8 Rc8 31. Qd6 Qc7 32. Kg2 Kg7 33. Qxc7 Rxc7 34. Rd6 Nd7 35. Bc6 Nf6 36. Bb5 Rb7 37. Rd8 Nh5 38. Kf1 Kf6 39. Bc6 Rc7 40. Bf3 Rc5 41. Rb8 Rb5 42. b3 Ng7 43. c4 Rf5 44. Be2 Ke7 45. Rxb6 Ne8 46. a3 Kd7 47. b4 Kc7 48. Ra6 axb4 49. axb4 Nd6 50. c5 Nc8 51. Kg2 Kb7 52. Ra2 Na7 53. g4 Re5 54. f4 Re3 55. b5 Rxe2+ 56. Rxe2 Nxb5 57. Rd2 Kc6 58. Rd8 Kxc5 59. Rh8 Kd6 60. Rxh7 Ke7 61. Rh8 Kf6 62. Rc8 Nd4 63. Rc7 Nb5 64. Rb7 Nc3 65. Kf3 Na4 66. Rc7 Nb6 67. Ke4 Nd5 68. Rc5 Ne7 69. h4 Kg7 70. Rc7 Nd5 71. Rb7 Nf6+ 72. Kf3 Ne8 73. Rd7 Nf6 74. Rd8 Ng8 75. Ra8 Ne7 76. Ra5 Nc6 77. Rc5 Ne7 78. h5 gxh5 79. Rxh5 Kf6 80. Ke4 Kg6 81. Rc5 Kf6 82. f5 exf5+ 83. gxf5 Ng8 84. Kf4 Ne7 85. Ra5 Ng8 86. Ra6+ Kg7 87. Kg5 Kh7 88. f6 Nh6 89. Ra1 1-0

[Event "NAYCC U16"]
[Site "Kingston CAN"]
[Date "2025.08.22"]
[Round "8.5"]
[White "Yang, Larry"]
[Black "Kurup, Siddharth"]
[Result "1-0"]
[WhiteElo "2108"]
[BlackElo "2022"]
[WhiteFideId "-1"]
[WhiteFideId "-1"]
[PlyCount "91"]
[GameId "2219480634089894"]
[EventDate "2025.08.18"]
[EventType "swiss"]
[EventRounds "9"]
[EventCountry "CAN"]

1. e4 c5 2. Nf3 e6 3. d4 cxd4 4. Nxd4 a6 5. a3 b5 6. a4 bxa4 7. Rxa4 Bb7 8. Nc3 Nf6 9. Bd3 Nc6 10. O-O Nxd4 11. Rxd4 Bc5 12. Rc4 Be7 13. e5 Nd5 14. Nxd5 Bxd5 15. Ra4 Qc7 16. Qe2 Bb7 17. Bd2 O-O 18. Rfa1 d6 19. Bc3 Qc6 20. Qe4 Qxe4 21. Bxe4 Bxe4 22. Rxe4 dxe5 23. Rea4 Rfd8 24. Kf1 f6 25. Ke2 Rd6 26. Bb4 Rc6 27. Bxe7 Rxc2+ 28. Kf3 Rxb2 29. Bc5 Rc8 30. Be3 f5 31. g3 Rc6 32. Rxa6 Rxa6 33. Rxa6 Kf7 34. h4 h6 35. Ra7+ Kf6 36. Bc5 Rb8 37. Be7+ Kg6 38. Bd6 e4+ 39. Kf4 Rb3 40. Bc5 Rd3 41. h5+ Kxh5 42. Rxg7 Rc3 43. Be3 e5+ 44. Kxf5 Rc6 45. g4+ Kh4 46. Rg6 1-0

[Event "NAYCC U16"]
[Site "Kingston CAN"]
[Date "2025.08.22"]
[Round "8.6"]
[White "Zhang, Daniel"]
[Black "Dhaliwal, Jaipreet Singh"]
[Result "0-1"]
[WhiteElo "1922"]
[BlackElo "2036"]
[WhiteFideId "-1"]
[WhiteFideId "-1"]
[PlyCount "148"]
[GameId "2219480634089895"]
[EventDate "2025.08.18"]
[EventType "swiss"]
[EventRounds "9"]
[EventCountry "CAN"]

1. c4 g6 2. Nc3 Bg7 3. g3 Nf6 4. Bg2 d6 5. e4 O-O 6. Nge2 c5 7. O-O Nc6 8. d3 a6 9. h3 Rb8 10. a4 Ne8 11. Be3 Nd4 12. Rb1 Nxe2+ 13. Qxe2 Nc7 14. Qd2 a5 15. Bh6 Ne6 16. Bxg7 Kxg7 17. Nb5 Bd7 18. Nc3 Nd4 19. f4 e5 20. b3 f6 21. Ne2 Nc6 22. g4 h6 23. Rf3 g5 24. fxg5 hxg5 25. Rbf1 Kg8 26. R3f2 Nd4 27. Ng3 Ne6 28. Nf5 Be8 29. Bf3 Bg6 30. Rh2 Bxf5 31. gxf5 Nf4 32. Kf2 Kf7 33. h4 Rh8 34. Rfh1 g4 35. Bxg4 Qb6 36. Bd1 Rbg8 37. h5 Rh6 38. Rg1 Qb4 39. Qxb4 axb4 40. Rxg8 Kxg8 41. Ke3 Kg7 42. Rh1 Rh8 43. Bf3 Kh7 44. Rg1 Rg8 45. Rg6 Nxg6 46. fxg6+ Kh6 47. Bg4 Kg5 48. Kf3 b6 49. Kg3 Rg7 50. Kh3 Rb7 51. Kg3 Ra7 52. Kf3 Rb7 53. Kg3 Rc7 54. Kf3 Re7 55. Kg3 Rg7 56. Kh3 Ra7 57. Kg3 Kh6 58. Kh4 Ra8 59. Be6 Rxa4 60. Kg4 Ra1 61. Bf7 Rh1 62. Kf5 Kg7 63. Kg4 Rg1+ 64. Kf5 Rg5+ 65. Ke6 Rxh5 66. Kxd6 Rh3 67. Kc6 Rxd3 68. Kxb6 Rxb3 69. Kxc5 Rb1 70. Kb5 b3 71. Kb4 f5 72. exf5 e4 73. c5 e3 74. Bc4 b2 0-1

[Event "NAYCC U16"]
[Site "Kingston CAN"]
[Date "2025.08.22"]
[Round "8.7"]
[White "Kilari, Dattasai"]
[Black "Iordanescu, Victor Nicolae"]
[Result "0-1"]
[WhiteElo "1949"]
[BlackElo "1901"]
[WhiteFideId "-1"]
[WhiteFideId "-1"]
[PlyCount "146"]
[GameId "2219480634114472"]
[EventDate "2025.08.18"]
[EventType "swiss"]
[EventRounds "9"]
[EventCountry "CAN"]

1. d4 Nf6 2. Nf3 e6 3. Bf4 d5 4. e3 c5 5. c3 Nc6 6. Nbd2 Bd6 7. Bg3 b6 8. Bd3 Qe7 9. Bb5 O-O 10. O-O Bxg3 11. hxg3 Bb7 12. Rc1 Rfd8 13. a4 a6 14. Bxc6 Bxc6 15. Ne5 Rac8 16. f4 Ne4 17. Nxe4 dxe4 18. Qe2 Bxa4 19. Qxa6 b5 20. dxc5 Qxc5 21. Kh2 Qc7 22. c4 Ra8 23. cxb5 Qb8 24. Qc6 Bxb5 25. Qxe4 Bxf1 26. Rxf1 Qb5 27. Rc1 Qxb2 28. Rc7 Qe2 29. Nf3 Ra2 30. Nh4 Rf8 31. Qc6 Qxe3 32. Rc8 Qa3 33. Nf3 Rxc8 34. Qxc8+ Qf8 35. Qc4 Qa8 36. Qb3 h6 37. Qe3 Qd5 38. g4 Qd1 39. Ne5 Qf1 40. Qe4 Re2 41. Qa8+ Kh7 42. Kg3 Qf2+ 43. Kh3 Qxf4 44. Nf3 f5 45. gxf5 exf5 46. Nh2 Re3+ 47. Nf3 Qg4+ 48. Kh2 Re2 49. Ng1 Qh4+ 50. Nh3 Re3 51. Qb8 Re1 52. Qd6 Re4 53. Qd7 Qg4 54. Qb7 Re2 55. Kh1 Re1+ 56. Kh2 f4 57. Qb3 Qg3+ 58. Qxg3 fxg3+ 59. Kxg3 Re3+ 60. Kf2 Ra3 61. Nf4 g5 62. Ne6 Kg6 63. Nd4 Kf6 64. Ne2 h5 65. Ng3 h4 66. Ne4+ Kf5 67. Nd6+ Kf4 68. Kg1 Rd3 69. Nc4 Kg3 70. Kf1 Rd1+ 71. Ke2 Rg1 72. Ne5 Rxg2+ 73. Ke1 h3 0-1

[Event "NAYCC U16"]
[Site "Kingston CAN"]
[Date "2025.08.22"]
[Round "8.8"]
[White "Muthukumaran, Gurru"]
[Black "Jiang, Barron Jiyu"]
[Result "0-1"]
[WhiteElo "1939"]
[BlackElo "1883"]
[WhiteFideId "-1"]
[WhiteFideId "-1"]
[PlyCount "68"]
[GameId "2219480634114473"]
[EventDate "2025.08.18"]
[EventType "swiss"]
[EventRounds "9"]
[EventCountry "CAN"]

1. e4 c5 2. Nf3 d6 3. d4 cxd4 4. Qxd4 Nc6 5. Qe3 Nf6 6. Be2 g6 7. c4 Bg7 8. Nc3 O-O 9. O-O a5 10. Rb1 Ng4 11. Qg5 f5 12. h3 Nf6 13. Qh4 fxe4 14. Ng5 Nd4 15. Bg4 Nf5 16. Bxf5 gxf5 17. f4 h6 18. g4 e6 19. Be3 Qe8 20. Nb5 Qe7 21. Rbd1 Ra6 22. Nxe4 fxe4 23. g5 Nh7 24. Qg4 e5 25. Qg2 exf4 26. Bxf4 Nxg5 27. Bxd6 Rxf1+ 28. Qxf1 Qf7 29. Qg2 Nxh3+ 30. Kh2 Qf2 31. Nc7 Rxd6 32. Rxd6 Qf4+ 33. Qg3 Qxg3+ 34. Kxg3 Be5+ 0-1